Los Filósofos racionalistas y empiritistas (Record no. 63891)

MARC details
000 -LEADER
campo de control de longitud fija 00466nam a2200145 i 4500
001 - NÚMERO DE CONTROL
campo de control 63891
003 - IDENTIFICADOR DE NÚMERO DE CONTROL
campo de control ES-MaACL
007 - CAMPO FIJO DE DESCRIPCIÓN FÍSICA--INFORMACIÓN GENERAL
campo de control de longitud fija t|
008 - DATOS DE LONGITUD FIJA--INFORMACIÓN GENERAL
campo de control de longitud fija 031217s1984 sp ||||1| spa d
245 04 - MENCIÓN DEL TÍTULO
Título Los Filósofos racionalistas y empiritistas
Resto del título : selección de textos /
Mención de responsabilidad, etc. selección y traducción de José García Roca.
260 ## - PUBLICACIÓN, DISTRIBUCIÓN, ETC.
Lugar de publicación, distribución, etc. Valencia :
Nombre del editor, distribuidor, etc. Gules,
Fecha de publicación, distribución, etc. [1984]
300 ## - DESCRIPCIÓN FÍSICA
Extensión 240 p. ;
Dimensiones 24 cm.
700 1# - ENTRADA AGREGADA--NOMBRE PERSONAL
Nombre de persona García Roca, José.
9 (RLIN) 55189
852 ## - LOCALIZACIÓN
Ubicación ES-MaACL
Número de control de estantería L-6733
Sublocalización o colección R.107755
Holdings
Estatus retirado Estado de pérdida Estado de daño No para préstamo Biblioteca de origen Biblioteca actual Ubicación en estantería Fecha de adquisición Fuente de adquisición Total de préstamos Signatura topográfica completa Código de barras Visto por última vez Precio de reemplazo Tipo de ítem Koha
        Biblioteca del Ateneo de Madrid Biblioteca del Ateneo de Madrid Depósito 2 17/01/2008     L-6733 1066959 23/02/2023 23/02/2023 Libro impreso